000 00715nam0a22002411 4500
001 RU\NLR\A1SV\98601
005 20251203171251.9
035 _a(NLR Aleph) 009779954
090 _a10091464
_c10091464
100 _a20091030d1924 u y0rusy50 ca
101 0 _arus
102 _aRU
200 1 _aНовые основы химической механики
210 _aТомск
_d1924
620 _dТомск
700 1 _7ca
_8rus
_aАлексеев
_bД. В.
_cмагистр химии
_f1875-1934
_gДмитрий Викторович
_92647788
_3RU\NLR\AUTH\770275821
801 0 _aRU
_bNLR
_c20091030
899 _aПОКМ
899 _aПОКМ
942 _cBOOK
980 _aNB
980 _aA1SV